Warfarín? Ja ho tiež užívam!

Bibliographic Details
Main Author: Ornst, Petr (Author)
Format: Article
Language:Slovak

MARC

LEADER 00000nab a2200000uu 4500
001 vtls011492507
003 SK-MaSNL
005 20260303105203.0
008 230121|2009 xo |||||||||||||||||slo|
015 |a SNBRB 
035 |a (urnnbn)urn:nbn:sk:snk:ar-007n9w 
035 |a (uuid)2c392449-5bb3-4b5d-b72e-5150096edae8 
035 |a urn:nbn:sk:snk-abdh87 
040 |a SNKBUCL  |b slo  |c SNKBUCL  |e AACR2 
041 0 |a slo 
044 |a xo  |c SK 
100 1 |a Ornst, Petr  |4 aut  |9 1120233 
245 1 0 |a Warfarín?  |b Ja ho tiež užívam!  |c Petr Ornst 
773 0 |t Cardio magazín  |g Roč. 4, č. 1 (2009), s. 26 
954 |a odborná, vedecká literatúra pôvodná (slovenská)  |2 lita 
958 |a OND 
958 |a EUIPO 
958 |a article18 
999 |c 1861613  |d 1863543